000 00353nam a22001457a 4500
003 OSt
008 240702b |||||||| |||| 00| 0 eng d
020 _a9780241250945
082 _a658.4092
_bTUD
100 _aDavid Marquet, L
245 _aTruth the Ship Around!
260 _aNew Delhi:
_bBusiness,
_c2021.
300 _axxviii,236
942 _2ddc
_cREF
999 _c12711
_d12711